000 00684nam a2200205 a 4500
001 000028236
005 20200930031450.0
008 110407s1990 dr ac 000 0 spa d
040 _aDO-SdBNP
_bspa
_cBNPHU
082 _axxxx
_bO48i
100 1 _aOliveira, Escipin
_955229
245 1 0 _aIntoxicación por animales marinos /
_cEscipión Oliveira, Norma Gómez Patiño, Jacinto Taulé Mañon.
260 _aSanto Domingo :
_bTele-3,
_c1990.
300 _a33 p. :
_bil., retrs. ;
_c22 cm.
504 _aIncluye notas al pie de las páginas
504 _aBibliografía : p. 31-33
700 1 _aGómez Patiño, Norma
_955230
700 1 _aTaulé Mañon, Jacinto
_955231
049 _aBNPD
999 _c27728
_d27728